banner-ar

DICTIONNAIRE DE LA LANGUE FRANCAISE: A BREGE DU DICTIONNEIRE DE LITTRE / (Record no. 24922)

MARC details
000 -الفاتح
حقل البيانات ثابتة الطول 00500nam a2200181Ia 4500
008 - عناصر البيانات ثابتة الطول - معلومات عامة
حقل البيانات ثابتة الطول 140319s9999 xx 000 0 eng d
040 ## - مصدر الفهرسة
وكالة الفهرسة الأصلية GCL /
وكالة النسخ GCL
082 04 - رقم تصنيف ديوى العشرى
رقم التصنيف 403
رقم المادة J D
100 1# - المدخل الرئيسى - إسم شخصى
الإسم الشخصى JEAN, A. BEAU
245 10 - بيان العنوان
العنوان DICTIONNAIRE DE LA LANGUE FRANCAISE: A BREGE DU DICTIONNEIRE DE LITTRE /
بيان المسئوليه,etc JEAN, A. BEAU
260 ## - PUBLICATION, DISTRIBUTION, ETC. (IMPRINT)
تاريخ النشر أو التوزيع 1940
300 ## - الوصف المادى
التعداد 1945
650 04 - المدخل الاضافى بالموضوع-مصطلح موضوعى
مصطلح موضوعي DICTIONARIES
650 04 - المدخل الاضافى بالموضوع-مصطلح موضوعى
مصطلح موضوعي FRENCH
650 04 - المدخل الاضافى بالموضوع-مصطلح موضوعى
مصطلح موضوعي LANGUAGES
942 ## - عناصر المدخل الإضافي( كوها)
مصدر التصنيف او مخطط الترفيف Dewey Decimal Classification
Koha [default] item type كتاب
260 ## - PUBLICATION, DISTRIBUTION, ETC. (IMPRINT)
-- [S.N] :
-- LIBRAIRE GENERALE FRANCAISE ،
Holdings
حالة التراجع حالة الفقد حالة تلف ليس للاعارة المكان المؤقت الموقع الحالى تاريخ الاكتساب اجمالي اﻻعارات رقم الطلب الباركود تاريخ اخر مشاهدة تاريخ تفعيل السعر نوع وعاء كوها
        مكتبة القاهرة الكبرى مكتبة القاهرة الكبرى 03/26/2014   403\J D 44028 03/26/2014 03/26/2014 كتاب

Powered By

EGPV